[Event "10th LCC FIDE Open 2018"]
[Site "London"]
[Date "2018.12.09"]
[Round "1"]
[White "Moussard, Jules"]
[Black "Dahl, Baard"]
[Result "1-0"]
[WhiteElo "2591"]
[BlackElo "2097"]
[Annotator "TA"]
[PlyCount "109"]
[EventDate "2018.12.09"]
[EventType "swiss"]
[EventCountry "ENG"]
[SourceTitle "playchess.com"]
[Source "ChessBase"]
[SourceQuality "1"]

{[%evp 18,109,33,32,28,0,8,0,0,0,20,14,33,40,35,31,25,11,6,6,2,0,0,0,20,13,11,13,36,35,47,38,44,44,93,95,167,90,87,37,106,110,118,22,159,168,165,163,165,152,158,160,196,190,221,206,204,203,235,229,245,225,209,209,205,184,222,217,205,187,187,219,204,141,234,200,200,184,167,60,60,60,60,60,60,60,61,61,61,61,61,61,29968,29972]} 1. Nf3 Nf6 2. b3 g6 3. Bb2 Bg7 4. g3 b6 5. Bg2 Bb7 6. c4 c5 7. O-O O-O 8. d4 cxd4 9. Qxd4 Nc6 10. Qh4 {LiveBook: 5 Games. A30: Symmetrical English: Double Fianchetto and Hedgehog} (10. Qc3 Qc7 11. Rd1 Rad8 12. Na3 a6 13. Rac1 Rfe8 14. Qe1 Qb8 15. Nc2 b5 16. c5 d5 17. cxd6 Rxd6 18. Rxd6 Qxd6 {0-1 (46) Hou,Y (2654)-Vachier Lagrave,M (2789) Karlsruhe/Baden-Baden 2018}) 10... d5 $146 ({Predecessor:} 10... Qb8 11. Nc3 a6 12. Nd5 Nxd5 13. Bxg7 Kxg7 14. cxd5 Ne5 15. Qxe7 Re8 16. Qb4 Bxd5 17. Qd4 Bc6 {1-0 (47) Dizdarevic,E (2509)-Trkulja,G (2363) Neum 2014}) 11. Nbd2 e6 12. Rac1 {The position is equal.} h6 13. Ne5 Nh7 (13... Rc8 {keeps more tension.} 14. Nxc6 Bxc6 15. Rfd1 Ng4 16. Qxd8 Rfxd8 17. Bxg7 Kxg7 18. cxd5 Bxd5 19. Bxd5 Rxc1 20. Rxc1 Rxd5 21. Nf3 Ne5) 14. Qxd8 Raxd8 (14... Rfxd8 {is interesting.} 15. Nxc6 Bxc6 16. Bxg7 Kxg7 17. Rc2 Nf6) 15. Nxc6 Bxc6 16. Bxg7 Kxg7 17. Nb1 Nf6 18. cxd5 Bxd5 19. Rc7 Bxg2 (19... Ra8 {is more complex.} 20. Rfc1 Rfd8 21. a4 Bxg2 22. Kxg2 Ne8) 20. Kxg2 Rd7 21. Rxd7 Nxd7 $11 {[%mdl 4096] Endgame KRN-KRN} 22. Rc1 Ra8 23. Rc7 Nc5 24. Na3 Na6 25. Rc4 Kf6 26. Nb5 e5 (26... Nc5 $16) 27. Kf3 (27. b4 $1 $18) 27... Nc5 $16 28. Ke3 Rd8 (28... a5 $14) 29. b4 $1 {[%cal Rb4c5]} Ne6 30. Rc6 (30. Nxa7 $16 Ra8 31. Nb5) 30... Ke7 (30... Rd7 $1 $11) 31. Nxa7 Ra8 32. Nb5 $1 Rxa2 33. Rxb6 Rb2 34. Nc3 Nd4 35. Kd3 Kd7 36. f4 Nc6 37. b5 Nb4+ 38. Kc4 exf4 39. gxf4 Na2 40. Nxa2 Rxa2 $18 {KR-KR} 41. Kd3 $1 Rb2 {[#]} 42. h4 $1 Rb4 43. e3 Ke7 44. Rb7+ Ke6 45. Ke2 g5 (45... Rb1 $16 46. Kd3 h5) 46. fxg5 hxg5 47. hxg5 Rg4 {[#]} 48. Rc7 (48. Rb6+ $1 $18 Kd5 49. Rf6) 48... Rxg5 $14 49. b6 {[%cal Bb5b6,Bb6b7][%mdl 32] b7 is the strong threat.} Rb5 50. b7 {Black must now prevent Kd3.} Rb3 51. Kd2 {Strongly threatening Kc2.} f5 52. Kc2 Rb6 53. Kd3 {Threatens to win with Rc6+!} Ke5 54. Kc4 Rb1 $2 {[%mdl 8192]} (54... Kd6 $14 55. Rf7 Rb1) 55. Rc5+ {Accuracy: White = 69%, Black = 45%.} 1-0

[Event "10th LCC FIDE Open 2018"]
[Site "London"]
[Date "2018.12.09"]
[Round "1"]
[White "Hillarp Persson, Tiger"]
[Black "Semprun Martinez, Fernando"]
[Result "1-0"]
[WhiteElo "2546"]
[BlackElo "2091"]
[Annotator "TA"]
[PlyCount "43"]
[EventDate "2018.12.09"]
[EventType "swiss"]
[EventCountry "ENG"]
[SourceTitle "playchess.com"]
[Source "ChessBase"]
[SourceQuality "1"]

{[%evp 10,43,-19,-40,-47,-40,-47,-47,-40,-52,-49,-51,-48,-99,-104,-126,-53,-46,-45,-308,-21,-88,-28,-36,-20,-30,-27,-44,47,37,72,61,176,182,397,403]} 1. c4 c5 2. Nf3 Nc6 3. Nc3 g6 4. e3 Nf6 5. a3 (5. d4 cxd4 6. exd4 d5 7. cxd5 Nxd5 8. Qb3 Nxc3 9. Bc4 e6 10. bxc3 Bd7 11. Bb5 a6 12. Be2 Na5 13. Qb1 Rc8 14. O-O f6 15. c4 b6 16. c5 bxc5 17. dxc5 Bxc5 18. Bxa6 Rb8 {1-0 (34) Svidler,P (2756)-Shankland,S (2722) Hoogeveen 2018}) 5... Bg7 6. Rb1 {LiveBook: 3 Games. A35: Symmetrical English: 2 Nc3 Nc6 3 Nf3} d5 7. cxd5 Nxd5 8. Ne4 {Black is slightly better.} Bf5 9. Qc2 O-O {White must now prevent ...Ndb4!} 10. d3 $1 Rc8 $146 ({Predecessor:} 10... b6 11. Bd2 Rc8 12. Be2 h6 {0-1 (59) Dizdarevic,E (2540)-Dragnev,V (2339) Vienna 2015}) 11. Nfd2 (11. Ng3 $15) 11... Ne5 $17 12. h3 Nf6 ({Black should play} 12... Qa5 $17 13. Be2 Rfd8) 13. b3 $15 Qa5 {And now ...c4! would win.} 14. f4 $2 {[%mdl 8192] [#]} (14. Ng3 $15) 14... Ned7 $2 (14... c4 $1 $19 {[%cal Rc4d3][%mdl 512]} 15. bxc4 Nxc4 $1 {[%mdl 512]} 16. dxc4 Bxe4) 15. Kf2 (15. Bb2 $11 {remains equal.}) 15... b5 (15... e5 $17 {...exf4 is the strong threat.} 16. g4 Bxe4 17. dxe4 c4 $1 {[%mdl 512]} 18. bxc4 Rfd8) 16. g4 $11 Bxe4 17. dxe4 e5 18. g5 Nh5 (18... exf4 $15 19. gxf6 fxe3+ 20. Kxe3 Nxf6) 19. f5 $14 f6 {[#]} 20. h4 $1 {[%cal Bh3h4,Bh4g5][%mdl 32]} fxg5 (20... c4 $14) 21. hxg5 $18 gxf5 $2 (21... c4) 22. Rxh5 {Accuracy: White = 40%, Black = 16%.} 1-0

[Event "10th LCC FIDE Open 2018"]
[Site "London"]
[Date "2018.12.09"]
[Round "1"]
[White "Debashis, Das"]
[Black "Head, Louise"]
[Result "1-0"]
[WhiteElo "2544"]
[BlackElo "2079"]
[Annotator "TA"]
[PlyCount "45"]
[EventDate "2018.12.09"]
[EventType "swiss"]
[EventCountry "ENG"]
[SourceTitle "playchess.com"]
[Source "ChessBase"]
[SourceQuality "1"]

{[%evp 18,45,26,0,34,50,59,63,76,77,177,168,422,359,679,709,691,639,698,704,698,665,1194,776,782,789,756,779,1024,1011]} 1. d4 d5 2. c4 dxc4 3. e3 Nf6 4. Bxc4 e6 5. Nf3 a6 6. O-O b5 7. Bb3 Bb7 8. a4 b4 9. Nbd2 c5 10. Re1 {LiveBook: 5 Games. D27: Queen's Gambit Accepted: Classical main line: 7 e4!? and 7 a4} (10. e4 Nc6 11. e5 Nd5 12. dxc5 Bxc5 13. Ne4 Be7 14. Bg5 O-O 15. Nd6 Rb8 16. Bxd5 exd5 17. Bxe7 Nxe7 18. Qd3 {0-1 (60) Melkumyan,H (2642)-Postny,E (2651) Sarajevo 2012}) 10... a5 $146 ({Predecessor:} 10... Be7 11. e4 O-O 12. e5 Nfd7 13. Ne4 cxd4 14. Bc2 Nc6 15. Bf4 Qa5 16. Ned2 Nc5 17. Nc4 Qc7 {1-0 (34) Akshat,K (2400)-Dukaczewski,P (2290) Albena 2012}) 11. e4 {[%cal Be3e4,Be4e5][%mdl 32]} cxd4 12. e5 {White is slightly better.} Nfd7 13. Nc4 {Strongly threatening Bg5.} Nc5 {[#]} (13... Bxf3 $16 {is a better defense.} 14. Qxf3 Ra7) 14. Bg5 $1 $18 {[%cal Rg5d8]} Qc7 $2 (14... Qd7) 15. Nxd4 {[%cal Bf3d4,Bd4e6,Be6c5][%mdl 32]} Ba6 $2 {[#]} (15... Ra6 16. Nb5 Qd7) 16. Nd6+ $1 {[%mdl 512] White is clearly winning.} Bxd6 17. exd6 Qxd6 18. Nxe6 Qxd1 19. Nxc5+ {[%mdl 64] Discovered Attack} ({Not} 19. Rexd1 fxe6 20. Rd8+ Kf7 $16) 19... Qxe1+ 20. Rxe1+ Kf8 21. Be7+ Kg8 22. Bd5 Ra7 23. Bd6 {Accuracy: White = 89%, Black = 14%.} 1-0

[Event "10th LCC FIDE Open 2018"]
[Site "London"]
[Date "2018.12.09"]
[Round "1"]
[White "Burke, John M"]
[Black "McDonald, Neil"]
[Result "0-1"]
[WhiteElo "2541"]
[BlackElo "2403"]
[Annotator "TA"]
[PlyCount "54"]
[EventDate "2018.12.09"]
[EventType "swiss"]
[EventCountry "ENG"]
[SourceTitle "playchess.com"]
[Source "ChessBase"]
[SourceQuality "1"]

{[%evp 19,54,-15,-9,-16,-16,-22,4,0,0,0,38,0,2,0,0,-6,-2,0,0,-60,-45,-52,0,-223,-235,-186,-192,-260,-255,-258,-250,-274,-268,-268,-272,-819,-757]} 1. d4 d5 2. Bf4 Nf6 3. e3 e6 4. Nd2 c5 5. Ngf3 Bd6 (5... Nc6 6. c3 cxd4 7. exd4 Nh5 8. Be3 Bd6 9. Bd3 Nf4 10. Bxf4 Bxf4 11. g3 Bd6 12. O-O O-O 13. Re1 Bd7 14. h4 h6 {1-0 (44) Caruana,F (2822)-Aronian,L (2767) chess.com INT 2018}) 6. Bg3 {D02: 1 d4 d5 2 Nf3 sidelines, including 2...Nf6 3 g3 and 2...Nf6 3 Bf4} O-O 7. c3 Qc7 8. Ne5 Nc6 9. f4 Ne7 10. Bd3 c4 {LiveBook: 3 Games} 11. Bc2 b5 12. O-O {[%cal Bh1f1,Bf1f3,Bf3g3][%mdl 32]} Bb7 $146 ({Predecessor:} 12... b4 13. Bh4 Ne8 14. e4 bxc3 15. bxc3 {0-1 (43) Dinev,D (2278)-Sahil,T (2241) Novi Sad 2018}) 13. Qf3 b4 14. Bh4 Ne8 15. Bxe7 ({Reject} 15. Qh5 g6 $17) 15... Qxe7 16. Qh3 {[%csl Gc2][%cal Rh3h7] [#]} g6 17. Rf3 f5 18. Rg3 {Nxg6! is the strong threat.} Bxe5 19. fxe5 (19. dxe5 $11 bxc3 20. bxc3) 19... bxc3 20. bxc3 Qa3 ({Black should try} 20... Bc6 $15 21. a4 Nc7) 21. e4 $2 (21. Nf3 $11 {and White stays safe.}) 21... dxe4 $19 22. Nxc4 Qa6 23. Nd6 (23. Nd2 $142 f4 24. Rg5) 23... Nxd6 24. exd6 Qxd6 25. Qh6 Rf7 26. Rf1 Rc8 27. Rf4 $2 {[#]} (27. Bb3 Bd5 28. Qc1) 27... Rxc3 $1 {[%mdl 576] Remove Defender, Decoy. Accuracy: White = 43%, Black = 60%.} 0-1

[Event "10th LCC FIDE Open 2018"]
[Site "London"]
[Date "2018.12.09"]
[Round "1"]
[White "Hector, Jonny"]
[Black "Price, Gwilym"]
[Result "1-0"]
[WhiteElo "2501"]
[BlackElo "2075"]
[Annotator "TA"]
[PlyCount "79"]
[EventDate "2018.12.09"]
[EventType "swiss"]
[EventCountry "ENG"]
[SourceTitle "playchess.com"]
[Source "ChessBase"]
[SourceQuality "1"]

{[%evp 23,79,35,39,31,23,12,85,86,82,79,97,85,79,97,94,91,143,147,177,178,165,165,225,139,287,291,296,283,277,292,283,236,234,213,287,195,245,250,173,105,247,206,222,225,229,251,249,220,327,167,204,181,1012,993,947,919,1451,1445]} 1. e4 c5 2. Nf3 e6 3. d4 cxd4 4. Nxd4 Nf6 {[%cal Bg8f6,Bf6d5,Bd5e3][%mdl 32]} 5. Nc3 Nc6 6. Nxc6 bxc6 7. e5 Nd5 8. Ne4 Qc7 9. f4 Qb6 10. c4 Ne3 11. Qd3 Bb4+ 12. Bd2 {B45: Sicilian Four Knights} O-O {LiveBook: 34 Games} 13. Nc3 (13. Rc1 Bxd2+ 14. Qxd2 Nxf1 15. Rxf1 c5 16. Rc3 d5 17. cxd5 exd5 18. Nxc5 d4 19. Qxd4 Qxb2 {½-½ (51) Savchenko,B (2585)-Pridorozhni,A (2565) Sochi 2017}) 13... Ng4 $146 {Hoping for ...Nf2.} ({Predecessor:} 13... Nxf1 14. Rxf1 Be7 15. O-O-O Rb8 16. b3 Rd8 17. Ne4 a5 18. f5 {0-1 (18) Huntley,T (1602)-Vertongen,W (2399) LSS email 2008}) 14. Qf3 {White has an edge.} f5 (14... Nh6 $1 $11) 15. h3 $16 Nh6 16. O-O-O Rb8 17. Na4 Qa5 18. b3 c5 19. Qe3 Ba3+ (19... Rd8 $142) 20. Kc2 Qc7 21. Bc1 Bxc1 22. Kxc1 g5 (22... Bb7 {was necessary.} 23. Nxc5 Rfd8) 23. Qxc5 Qb7 (23... Qxc5 $16 24. Nxc5 gxf4) 24. fxg5 $18 Nf7 25. Bd3 Qxg2 26. g6 Qg5+ 27. Kb1 hxg6 28. Rhg1 ({Resist} 28. Qxa7 $6 Bb7 $16) 28... Qh5 29. Bc2 ({Don't play} 29. Qxa7 $6 Bb7 $18) 29... Rb7 30. Rd2 g5 31. Qe3 (31. Rdg2 $18 Qh6 32. Rg3) 31... Rc7 (31... Qh6 $16) 32. Rdg2 Qh4 {[#]} 33. Nc3 $1 Bb7 {[#]} 34. Rxg5+ $1 Nxg5 35. Rxg5+ Kh8 (35... Kf7 $142) 36. Nb5 (36. Rg6 $142 {And now Rh6+ would win.} f4 37. Qd4) 36... Rcc8 37. Nd6 $40 {[%mdl 1216] Black must now prevent Rg6. Double Attack. White has strong compensation. White is out for blood.} Rb8 $2 (37... Rg8) 38. Rg6 {White is clearly winning.} Kh7 39. Rg4 Qe7 40. Qg3 {Accuracy: White = 80%, Black = 33%.} 1-0

[Event "10th LCC FIDE Open 2018"]
[Site "London"]
[Date "2018.12.09"]
[Round "1"]
[White "Gormally, Daniel W"]
[Black "Nettleton, Charlie B"]
[Result "1-0"]
[WhiteElo "2478"]
[BlackElo "2059"]
[Annotator "TA"]
[PlyCount "81"]
[EventDate "2018.12.09"]
[EventType "swiss"]
[EventCountry "ENG"]
[SourceTitle "playchess.com"]
[Source "ChessBase"]
[SourceQuality "1"]

{[%evp 14,81,34,37,31,45,52,52,54,53,56,56,52,50,54,18,49,45,44,18,4,0,25,18,47,0,13,0,26,37,44,33,64,31,27,27,30,38,77,78,72,74,49,75,91,76,92,33,38,47,117,117,139,119,364,355,557,285,266,184,181,128,704,697,998,1003,1011,1003,918,891]} 1. e4 d6 2. d4 Nf6 3. Nc3 e5 4. Nf3 exd4 5. Nxd4 Be7 6. Bc4 O-O 7. O-O c6 8. Re1 {LiveBook: 23 Games} a5 {C41: Philidor Defence} 9. Bf4 Na6 10. Qd2 $146 ({Predecessor:} 10. h3 Nc5 11. a4 Qb6 12. b3 Re8 13. Qf3 Ncd7 14. Nf5 Ne5 15. Bxe5 dxe5 16. Nxe7+ Rxe7 17. Rad1 Be6 18. Bxe6 Rxe6 19. Rd2 Rd8 20. Qe3 Qc7 21. Rxd8+ Qxd8 {½-½ (38) Hracek,Z (2530)-Piket,J (2640) Moscow 1994}) 10... Nc5 {White is slightly better.} 11. Rad1 Ng4 12. Nf5 Bxf5 $1 13. exf5 {[#] Hoping for Qe2.} Ne5 $1 {[%cal Re5c4]} 14. Bf1 Qc7 15. a3 a4 16. Qe2 {[%cal Rf4e5]} Bf6 17. Qh5 Rad8 18. Re3 {Threatens to win with Rh3.} g6 $1 {[%cal Rg6h5]} 19. fxg6 (19. Qe2 {is more complex.} Bg7 20. b4 axb3 21. cxb3 Rfe8 22. b4) 19... fxg6 20. Qe2 {aiming for Bxe5.} b5 21. Ne4 Nxe4 22. Rxe4 Bg7 23. b3 axb3 24. cxb3 {[%cal Bc2b3,Bb3a4][%mdl 32]} Qf7 25. Bg5 Bf6 26. Bxf6 Qxf6 27. a4 bxa4 28. bxa4 Ra8 29. Qe3 Ra5 30. f3 (30. g3 $16) 30... Rfa8 $14 31. Qc3 Kg7 (31... Kf8 $14) 32. f4 $16 Ng4 33. Qxc6 Qh4 $2 (33... d5 $16 34. Qc7+ Kg8) 34. h3 $18 Qf2+ 35. Kh1 Nf6 36. Qc3 {Re7+ would kill now.} Rf5 37. Bb5 (37. Be2 $18) 37... d5 $2 {[%mdl 8192]} (37... Kh6 $16 38. Re7 Nh5) 38. Re7+ {White is clearly winning.} Kh6 39. Rf1 Qh4 {[#]} 40. g4 $1 {[%cal Bg2g4,Bg4g5][%mdl 608] And now g5+ would win. Trapped Piece} d4 (40... Nxg4 41. Qg7+) 41. g5+ {Accuracy: White = 64%, Black = 45%.} 1-0

[Event "10th LCC FIDE Open 2018"]
[Site "London"]
[Date "2018.12.09"]
[Round "1"]
[White "Gumularz, Szymon"]
[Black "Coote, Trevor D"]
[Result "1-0"]
[WhiteElo "2462"]
[BlackElo "2057"]
[Annotator "TA"]
[PlyCount "123"]
[EventDate "2018.12.09"]
[EventType "swiss"]
[EventCountry "ENG"]
[SourceTitle "playchess.com"]
[Source "ChessBase"]
[SourceQuality "1"]

{[%evp 24,123,20,6,9,22,42,21,68,54,77,63,84,77,63,39,57,17,32,28,80,106,116,102,94,52,31,7,25,-12,171,191,201,189,217,205,229,206,332,343,339,348,336,331,588,588,583,477,580,533,547,533,525,490,485,478,533,533,406,314,1217,1131,1007,1003,1212,1145,812,749,979,688,1286,1053,1475,1095,8308,5270,9061,6691,9061,8262,7091,6384,5663,4134,1251,1011,29971,29971,29965,29965,29979,0,0,0,29982,29983,29983,29984,29984,29985,29985,29986]} 1. e4 e6 2. d4 d5 3. Nd2 Nf6 4. e5 Nfd7 5. c3 c5 6. Bd3 Nc6 7. Ne2 cxd4 8. cxd4 f6 9. exf6 Nxf6 10. Nf3 Bd6 11. O-O O-O 12. h3 Bd7 {C06: French Tarrasch: 3...Nf6 4 e5 Nfd7 5 Bd3 main lines} 13. Be3 {LiveBook: 3 Games} Rc8 14. Rc1 a5 $146 {The position is equal.} ({Predecessor:} 14... Qb6 15. Ne5 Qxb2 16. Rb1 Qxa2 17. Nxd7 Nxd7 18. Bd2 Bb8 19. Rxb7 Nf6 20. Nf4 {1-0 (31) Varshini,V (2050)-Tokarev,I (2323) Kazan 2017}) 15. Nc3 Kh8 16. Re1 Qe8 17. a3 Qh5 18. Be2 Qe8 19. Qb3 Nh5 20. Qxb7 Rb8 21. Qa6 Rxb2 (21... Nf4 $1 $11) 22. Na4 $16 Rxe2 23. Qxe2 ({But not} 23. Rxe2 Bxa3 24. Ra1 Bb4) 23... Bxa3 24. Rb1 Bb4 25. Rec1 {Nb6 is the strong threat.} e5 $1 {[%cal Re5d4] Threatens to win with ...exd4.} 26. dxe5 {aiming for Nc5.} Nxe5 $2 (26... d4 $1 $11 {and Black stays safe.} 27. Bg5 (27. Nxd4 $2 Nxd4 28. Bxd4 Nf4 $17) 27... h6) 27. Nxe5 $18 Qxe5 28. Nc5 $36 {[%mdl 2048] Keeping Black busy.} Nf4 29. Qb2 Qxb2 30. Rxb2 Bb5 (30... Bxc5 $142 31. Bxc5 Re8) 31. Bxf4 $1 Rxf4 {[#]} 32. Nd3 $1 {[%mdl 512]} Bxd3 {[#]} 33. Rxb4 $1 {[%mdl 512] White wants to mate with Rc8+.} g5 $2 (33... Rf8 34. Rb7 h6) (33... axb4 34. Rc8+) 34. Rxf4 gxf4 {[%mdl 4096] Endgame KR-KB} 35. Rc5 Bc4 36. Rxa5 Kg7 37. Kh2 Kf6 38. Ra7 Bd3 39. Rd7 Ke5 40. g3 Be4 41. Rf7 fxg3+ $2 (41... f3 42. Kg1 Ke6) 42. Kxg3 Bg6 43. Re7+ Kf6 44. Rd7 Ke6 45. Rd8 Ke5 46. f4+ Ke4 47. Rd7 d4 48. Re7+ Kf5 49. Re5+ Kf6 50. Rd5 d3 51. Kf3 Ke6 52. Re5+ Kf6 53. Ke3 Bf5 54. h4 h5 55. Rd5 Ke6 56. Rxd3 Bxd3 57. Kxd3 {KPP-KP} Kf5 58. Ke3 {White threatens Kf3 and mate.} Ke6 $2 {[%mdl 8192]} (58... Kg6 $11 59. Ke4 Kg7 60. Ke5 Kf8 61. Kf6 Ke8 62. Ke6 Kd8 63. f5 Kc7) 59. Ke4 {White mates.} Kf6 60. f5 {[%cal Bf4f5,Bf5f6][%mdl 32]} Kf7 61. Ke5 Ke7 {[#]} 62. f6+ $1 {Accuracy: White = 67%, Black = 34%.} 1-0

[Event "10th LCC FIDE Open 2018"]
[Site "London"]
[Date "2018.12.09"]
[Round "1"]
[White "Flear, Glenn C"]
[Black "Ratnesan, Ranesh"]
[Result "1-0"]
[WhiteElo "2451"]
[BlackElo "2055"]
[Annotator "TA"]
[PlyCount "99"]
[EventDate "2018.12.09"]
[EventType "swiss"]
[EventCountry "ENG"]
[SourceTitle "playchess.com"]
[Source "ChessBase"]
[SourceQuality "1"]

{[%evp 18,99,34,29,44,41,56,56,46,36,45,44,37,35,31,14,96,24,14,29,29,27,24,16,18,20,24,0,58,0,0,0,0,0,6,6,6,6,4,8,12,0,4,0,0,0,0,-18,27,0,0,0,147,127,137,134,208,206,171,136,156,159,131,137,235,276,238,239,218,226,485,503,556,519,709,609,5222,5218,29986,29987,29987,29987,29992,29993]} 1. d4 d5 2. c4 c6 3. Nc3 Nf6 4. e3 Bf5 5. Nf3 e6 6. Nh4 Bg6 7. Nxg6 hxg6 8. Bd3 Nbd7 {D12: Slav Defence: 3 Nf3 Nf6 4 e3 Bf5} 9. h3 Bd6 10. O-O {LiveBook: 70 Games} g5 {White has an edge.} (10... Qe7 11. e4 dxe4 12. Bxe4 O-O 13. Bg5 Qd8 14. Re1 Qc7 15. Qf3 Bb4 {1-0 (38) Kramnik,V (2808)-Giri,A (2771) Leuven 2017}) 11. cxd5 exd5 $146 ({Predecessor:} 11... cxd5 12. e4 dxe4 13. Nxe4 Nxe4 14. Bxe4 f5 15. Bxb7 Rb8 16. Bc6 {1-0 (43) Ponfilenok,V (2392)-Emdin,M (2109) St Petersburg 2012}) 12. e4 dxe4 13. Nxe4 Nxe4 14. Bxe4 Qf6 15. Re1 O-O-O 16. Qg4 Bf4 (16... Rh4 $11 {remains equal.} 17. Qf5 (17. Qxg5 Bb4 $11) 17... Be7) 17. g3 ({White should try} 17. d5 $16) 17... Bxc1 $11 18. Raxc1 {Threatening d5.} Kb8 $1 19. Bg2 Nb6 20. Re5 g6 21. Rc3 Qd6 22. Rf3 Nc4 (22... Rhf8 $11) 23. Re2 ({Better is} 23. Rxg5 $14 f5 24. Qf4) 23... f5 24. Qxg5 Qxd4 {[#] aiming for ...Qd1+.} 25. Qf4+ Kc8 $132 {[%mdl 2048] Black has counterplay} 26. Re7 {[%csl Ge7][%cal Rf4c7]} Qxf4 27. Rxf4 Nd6 28. Rd4 Rhe8 29. Rg7 Re6 30. Rh4 Ne8 31. Rg8 Rd1+ 32. Bf1 $1 Ree1 33. Kg2 Kc7 $1 34. Bc4 Rd6 (34... Nd6 $11) 35. Bf7 $16 Nf6 36. Rxg6 Ne4 (36... Re2 $16) 37. Rxd6 $18 Kxd6 {[%mdl 4096] Endgame KRB-KRN} 38. Rf4 Ke5 39. Bg6 Nd6 40. h4 {[%cal Bh3h4,Bh4h5,Bh5h6,Bh6h7][%mdl 32]} Re2 (40... Rd1 $16 {is a better defense.} 41. h5 Kf6) 41. h5 Kf6 42. g4 {[%cal Bg3g4,Bg4f5,Bf5f6][%mdl 32]} Kg5 43. Kf3 Rxb2 $2 (43... Re5 {keeps fighting.} 44. gxf5 Nxf5) 44. gxf5 Rxa2 45. Rg4+ Kf6 46. h6 {Hoping for h7.} Ra3+ 47. Kg2 Ra5 48. h7 {White mates.} Kg7 {[#]} 49. f6+ $1 {[%mdl 512]} Kh8 (49... Kxf6 50. h8=Q+) 50. Bd3 {Precision: White = 84%, Black = 48%.} 1-0

[Event "10th LCC FIDE Open 2018"]
[Site "London"]
[Date "2018.12.09"]
[Round "1"]
[White "Elsness, Frode"]
[Black "Gerlach, Felix Tobias"]
[Result "1-0"]
[WhiteElo "2447"]
[BlackElo "2050"]
[Annotator "TA"]
[PlyCount "101"]
[EventDate "2018.12.09"]
[EventType "swiss"]
[EventCountry "ENG"]
[SourceTitle "playchess.com"]
[Source "ChessBase"]
[SourceQuality "1"]

{[%evp 23,101,53,54,39,52,29,72,63,99,100,120,120,131,112,128,67,148,154,212,190,205,201,207,154,166,82,62,75,124,157,135,103,116,99,88,92,129,136,124,131,140,121,120,104,109,97,135,122,121,83,97,90,166,149,181,177,262,258,319,321,314,324,324,316,311,316,306,316,482,459,431,384,468,370,470,399,535,483,837,833]} 1. d4 Nf6 2. c4 g6 3. Nc3 Bg7 4. e4 d6 5. Nf3 O-O 6. h3 e5 7. d5 Nh5 8. g3 {E90: King's Indian: Classical: Early deviations and 6 h3} Na6 9. Be3 f5 10. exf5 gxf5 11. Ng5 Qe8 12. Be2 Nf6 {LiveBook: 29 Games} 13. Qd2 Nc5 {[#]} 14. Qc2 $146 ({Predecessor:} 14. O-O-O h6 15. Nf3 Nce4 16. Nxe4 Nxe4 {0-1 (37) Ni,H (2704)-Ding,L (2755) China 2015}) 14... a5 15. O-O-O Bd7 16. g4 e4 17. gxf5 Bxf5 18. Rhg1 Kh8 19. Rg2 (19. Nb5 $16) 19... Rd8 (19... Nh5 $14) 20. Nb5 $16 Qe7 (20... c6 $16 21. Nd4 Bd7) 21. Rdg1 Rg8 22. Nd4 Bd7 23. Qd2 Rdf8 24. Nge6 (24. Qxa5 $18 {is more deadly.} c6 25. Qc7) 24... Bxe6 25. dxe6 {[#] And now Nf5 would win.} Nxe6 26. Nf5 ({Much less strong is} 26. Qxa5 $6 Nxd4 27. Bxd4 Bh6+ 28. Kb1 Rxg2 $11) 26... Qd7 27. Nxg7 ({Resist} 27. Qxa5 $6 Ra8 $11) 27... Rxg7 28. Rxg7 Nxg7 29. Bd4 Qf7 30. Bc3 Ne6 31. Qh6 {Black must now prevent Bh5.} c5 32. Rd1 Nd4 33. Bxd4 cxd4 34. Rxd4 Rd8 35. Qf4 Qe6 36. Bg4 Qe7 37. Kb1 Kg7 (37... Rg8 $16 {keeps fighting.}) 38. Qg5+ $18 Kf7 39. Qxa5 e3 (39... Rg8 $142 40. Kc2 (40. Qf5 Qe5 $16) 40... Rg6) 40. Bh5+ Kf8 41. fxe3 Rc8 42. Qg5 {aiming for Rf4.} Rc5 43. Qh6+ Kg8 44. Bd1 Rf5 45. a3 b5 (45... Rf2 {might work better.} 46. Bc2 Rf3) 46. cxb5 Rxb5 47. Be2 Rb6 48. Bf3 d5 49. Qg5+ Kf8 50. Bxd5 Qxa3 {[#]} (50... Nxd5 $142 51. Qxd5 Rf6) 51. Qxf6+ $1 {[%mdl 512] Accuracy: White = 79%, Black = 39%.} 1-0